| 000 | 00856nam a22002177a 4500 | ||
|---|---|---|---|
| 005 | 20230823082839.0 | ||
| 008 | 220601b mx ||||| |||| 00| 0 spa d | ||
| 050 | 0 | 4 |
_aTD430 _bA44 1968 |
| 110 | 2 | _aAmerican Water Works Association. | |
| 240 | 1 | 0 |
_aWater Quality and treatment. _lEspañol. |
| 245 | 1 | 0 |
_aAgua _b : su calidad y tratamiento _c / Manual preparado por la American water works association ; traducción Jack M. Verrey, Julio Colon Manrique. |
| 250 | _a1a ed. | ||
| 260 |
_aMéxico : _bUnión Tipográfica Editorial Hispano Americana, _c1968. |
||
| 300 |
_aix, 564 p. : _bil. ; _c24 cm. |
||
| 500 | _aIncluye bibliografía | ||
| 650 | 7 |
_2lemb _aAgua _xPurificacion _vManuales |
|
| 650 | 7 |
_2lemb _aAgua _xTratamiento _vManuales |
|
| 700 | 1 |
_aVerrey, Jack M., _etraductor |
|
| 700 | 1 |
_aColon Manrique, Julio, _etraductor |
|
| 942 |
_2lcc _cLIB |
||
| 999 |
_c101581 _d101581 |
||